| 000 | 00883nas a2200289 4500 | ||
|---|---|---|---|
| 001 | BR2018000908 | ||
| 003 | BR-BrBNA | ||
| 005 | 20231205131319.0 | ||
| 007 | ta | ||
| 008 | 230509b bl.|||p| |||| 00| 00por d | ||
| 040 |
_aBR-BrBNA _bpor _cBiblioteca Nacional de Agricultura |
||
| 041 | _a(En) | ||
| 072 | _aK50 | ||
| 100 | 1 | _aManago, B.L. | |
| 100 | 1 | _aVidal, C.M. de S. | |
| 100 | 1 | _aSouza, J.B. de | |
| 100 | 1 | _aNeves, L.C. | |
| 100 | 1 | _aMartins, K.G. | |
| 245 | 1 | _aDissolved air flotation for fiber removal from clear water | |
| 650 | _aCELULOSE | ||
| 650 | _aPAPEL | ||
| 650 | _aINDÚSTRIA FLORESTAL | ||
| 773 | 0 |
_tFloresta e Ambiente (Brazil) _xISSN 2179-8087 _g(2018), v. 25(2) p. 1-10 _wBR2018000908 |
|
| 856 | 4 | 0 | _uhttp://www.scielo.br/pdf/floram/v25n2/2179-8087-floram-25-2-e20160124.pdf |
| 909 |
_a202311 _bLúcia _c55 _dLúcia Elande |
||
| 942 |
_2AGRIS _n0 _cANA |
||
| 999 |
_c254131 _d254131 |
||